01670nab a22003977a 4500003000900000022001300009040001800022041001300040044000700053110006800060245005900128260003000187300004300217505001100260505001300271505009100284505002500375505008000400505001200480505004000492505006900532505005100601505004100652505003800693505006900731505007700800505001900877505004600896505005700942505004000999505004401039650001701083650001201100773013401112856002601246AR-RoUNA a03282384 aAR-RoUNAbspa aspahspa aag aSecretaria de Ciencia y Técnica.bBoletín de la Secretaria  aCiencia y TecnicahNº 6bBoletín de la Secretaría aBuenos Aires :bUP,c1994 a59 p. :bplantasbfot. byn.c26x 20 cm tINDICE tPANORAMA aMensaje Presidencial del 1ero. de Mayo: El papel de la Ciencia y la tecnología. p. 4 tPROGRAMAS NACIONALES aPrograma Nacional de Investigación en Recursos Naturales Renovables. p. 7 tCONICET aLa vista de César Milstein. p. 12 aFacultad de Matemáticas, Astronomía y Física. FAMAF. p. 14 aObservatorio Astronómico de Córdoba. p. 16 aEn memoria de Alfredo Lanari. p. 18 tCOORDINACIÓN Y PLANIFICACIÓN  aConsejo Interinstitucional de Ciencia y Técnica (CICYT). p. 20 aProyectos de investigación y desarrollo y Región Patagónica. p. 22 tINFORMÁTICA  aLas computadoras en la educación. p. 23 aAsamblea del Consejo Federal de Informática. p. 25 aInvestigación y Desarrollo. p. 25 aFundación para la informática. p.27 aArquitectura aCiencia0 aBoletín de la Secretaría: Ciencia y TécnicadBuenos Aires, Aller Atucha y Asociados. 1988gnro.9 (jun-1985), 59 px03265773 uwww.secyt.unlu.edu.ar